Maintenance of system buildings:example guidance notes: the maintenance and repair of Vic Hallam Derwent buildings (Record no. 87573)

MARC details
000 -LEADER
fixed length control field 00803cam a2200277 4500
008 - FIXED-LENGTH DATA ELEMENTS--GENERAL INFORMATION
fixed length control field 090401t1989 xxu||||| |||| 00| 0 eng d
020 ## - INTERNATIONAL STANDARD BOOK NUMBER
International Standard Book Number 0906182441
035 ## - SYSTEM CONTROL NUMBER
System control number (Sirsi) u18162
041 ## - LANGUAGE CODE
Language code of text/sound track or separate title eng
050 ## - LIBRARY OF CONGRESS CALL NUMBER
Classification number 690.24
100 ## - MAIN ENTRY--PERSONAL NAME
Personal name Watson, Norman
245 ## - TITLE STATEMENT
Title Maintenance of system buildings:example guidance notes: the maintenance and repair of Vic Hallam Derwent buildings
260 ## - PUBLICATION, DISTRIBUTION, ETC.
Place of publication, distribution, etc. Kingston upon Thames
Name of publisher, distributor, etc. BM1
Date of publication, distribution, etc. 1989
300 ## - PHYSICAL DESCRIPTION
Extent 95p. : ill. ; 30cm.
350 ## - PRICE (NR) (BK AM CF MU VM SE) [OBSOLETE]
Price 0
490 ## - SERIES STATEMENT
Series statement Serial
Volume/sequential designation 180:BM1 Special Report
520 ## - SUMMARY, ETC.
Summary, etc. Notes originally prepared for Nottinghamshire County Council .
650 ## - SUBJECT ADDED ENTRY--TOPICAL TERM
Topical term or geographic name entry element BMI
650 ## - SUBJECT ADDED ENTRY--TOPICAL TERM
Topical term or geographic name entry element DERWENT SYSTEM
650 ## - SUBJECT ADDED ENTRY--TOPICAL TERM
Topical term or geographic name entry element PREFABRICATION
650 ## - SUBJECT ADDED ENTRY--TOPICAL TERM
Topical term or geographic name entry element REPAIRS
650 ## - SUBJECT ADDED ENTRY--TOPICAL TERM
Topical term or geographic name entry element SCHOOLS
650 ## - SUBJECT ADDED ENTRY--TOPICAL TERM
Topical term or geographic name entry element SYSTEM-BUILT
942 ## - ADDED ENTRY ELEMENTS (KOHA)
Suppress in OPAC 0
948 ## - LOCAL PROCESSING INFORMATION (OCLC); SERIES PART DESIGNATOR (RLIN)
c (OCLC) 04/03/1997
Holdings
Withdrawn status Lost status Source of classification or shelving scheme Damaged status Not for loan Home library Current library Shelving location Date acquired Total Checkouts Full call number Barcode Date last seen Copy number Price effective from Koha item type
    Dewey Decimal Classification     London London Enquiry desk 14/09/1999   ENQUIRY DESK 30025503 06/08/2019 1 06/08/2019 Reference material